000 00365nam a2200133 a 4500
005 20140412111401.0
008 070410s19uu xx 00 eng d
020 _a0-87449-268-8
050 _aER
_bVi82 1988
245 _aA visit to santa /
_cUNADA.
260 _aNew York :
_bModern Publishing,
_c1988.
440 _aA honey bear shape board book
999 _c105464
_d105464